Semimicro qualitative analysis /

Gespeichert in:
Bibliographische Detailangaben
1. Verfasser: Garret, Alfred Benjamin (autor)
Format: Buch
Sprache:Englisch
Veröffentlicht: Boston, EUA : Blaisdell, 1966
Schlagworte:
Tags: Tag hinzufügen
Keine Tags, Fügen Sie das erste Tag hinzu!

MARC

LEADER 00000nam^a2200000^a^4500
001 000005311
005 20250521000000.0
009 20260310083338.374
037 |a Acervo ITESO - Biblioteca 
041 |a ING 
082 |a 544. 8  |b GAR 
100 |a Garret, Alfred Benjamin  |e (autor) 
245 1 0 |a Semimicro qualitative analysis /  |c A.B. Garret. 
264 1 |a Boston, EUA :  |b Blaisdell,  |c 1966 
300 |a 287 p. 
336 |a texto  |b txt  |2 rdacontenido 
337 |a sin mediación  |b n  |2 rdamedio 
338 |a volumen  |b nc  |2 rdasoporte 
649 |a XX 
650 |a Química Analítica 
910 |a Fondo General 
920 |a Impresos - Libros 
930 |a Colección General 
905 |a 101 
901 |a 0053110100  |b IT1  |c ACC  |i 005311  |u 20250521 
901 |a 0053110200  |b IT1  |c ACC  |i 900828  |u 20250521 
902 |a https://opac.biblio.iteso.mx/vufind/Record/000005311